• 首页
  • 本馆介绍
  • 公告通知
  • 最新文献
  • 馆藏检索
  • 电子资源
  • 读者导购
  • 参考咨询
  • 我的图书馆
  • 登录
  • 详细信息显示
  • 放入我的书架
  • 预约/预借图书
  • 作者相关作品
  • 分类相关作品
  • 丛书相关作品
  • 出版社相关作品

书目信息

  • 表格格式
  • 工作单格式
  • 卡片格式
题名:
图书馆利用基础
    
 
作者: 蔡莉静 主编
分册:  
出版信息: 北京   海洋出版社  2013
页数: 170页
开本: 23cm
丛书名:
单 册:
中图分类: G252.65 , G250
科图分类:
主题词: 图书馆利用--教材 , 图书馆利用
电子资源:
ISBN: 978-7-5027-8596-3
000 00908nam0 2200265 450
001 2951
005 20161207085537.62
005 20140412092957
010    @a978-7-5027-8596-3@dCNY30.00
100    @a20131023d2013 em y0chiy50 ea
101 0  @achi
102    @aCN@b110000
105    @ay z 000yy
200 1  @a图书馆利用基础@9tu shu guan li yong ji chu@f蔡莉静主编
210    @a北京@c海洋出版社@d2013
215    @a170页@d23cm
300    @a新媒体环境下图书馆业务培训教程
330    @a本书介绍了图书馆学基础知识,包括图书馆学研究对象、图书馆学基础理论、图书馆的产生和发展、图书馆职能等。在此基础上,围绕图书馆各类资源,从图书馆学和文献学的角度进行论述。
606 0  @a图书馆利用@j教材
606 0  @a图书馆利用
690    @aG252.65@v5
690    @aG250@v4
701  0 @a蔡莉静@9cai li jing@c(女,@f1963~)@4主编
801  0 @aCN@b大连网信软件有限公司图书馆·11@c20161207
905    @aZUCC@dG252.65@e102
    
    图书馆利用基础/蔡莉静主编.-北京:海洋出版社,2013
    170页;23cm
    新媒体环境下图书馆业务培训教程
    
    ISBN 978-7-5027-8596-3:CNY30.00
    本书介绍了图书馆学基础知识,包括图书馆学研究对象、图书馆学基础理论、图书馆的产生和发展、图书馆职能等。在此基础上,围绕图书馆各类资源,从图书馆学和文献学的角度进行论述。
●
相关链接 在E读中查询图书 在五车中查询图书 在当当中查询图书 在豆瓣中查询图书


正题名:图书馆利用基础     索取号:G252.65/102         预约/预借

序号 登录号 条形码 馆藏地/架位号 状态 备注
1 912275   209122750   第一样本阅览室/ [索取号:G252.65/102] 在馆    
2 912276   209122769   第四借阅区/ [索取号:G252.65/102] 在馆    
3 912277   209122778   第四借阅区/ [索取号:G252.65/102] 在馆    
4 912278   209122787   第四借阅区/ [索取号:G252.65/102] 在馆    
唐山师范学院图书馆 欢迎您!
大连网信软件有限公司© 版权所有